Innovative customer concept – a small business machinery modular production
Systémy pracovných staníc a komplexné doplnky zo stavebných blokov, ktoré možno individuálne prispôsobiť rôznym výrobným potrebám. Flexibilita modulárneho profilového systému stavebných prvkov v montážnych staniciach. Široká škála variabilných formátov a individuálne riešenia.
Salvato in:
| Autore principale: | |
|---|---|
| Altri autori: | |
| Natura: | Capitolo di libro |
| Lingua: | inglese |
| Soggetti: | |
| Tags: |
Nessun Tag, puoi essere il primo ad aggiungerne!!
|
MARC
| LEADER | 00000nla a2200000 4500 | ||
|---|---|---|---|
| 001 | 0227308 | ||
| 005 | 20240605073535.9 | ||
| 041 | 0 | |a eng | |
| 044 | |a SK | ||
| 245 | 1 | 0 | |a Innovative customer concept – a small business machinery modular production |c Vladimír Rudy, Martin Bosák |
| 520 | |a Systémy pracovných staníc a komplexné doplnky zo stavebných blokov, ktoré možno individuálne prispôsobiť rôznym výrobným potrebám. Flexibilita modulárneho profilového systému stavebných prvkov v montážnych staniciach. Široká škála variabilných formátov a individuálne riešenia. | ||
| 610 | 2 | 0 | |a ergonómia |
| 610 | 2 | 0 | |a inžinierstvo priemyselné |
| 610 | 2 | 0 | |a vplyvy na prácu |
| 610 | 2 | 0 | |a priestor pracovný |
| 610 | 2 | 0 | |a zjednodušenie práce |
| 610 | 2 | 0 | |a výroba |
| 610 | 2 | 0 | |a flexibilita |
| 100 | 1 | |a Rudy, Vladimír | |
| 700 | 1 | |a Bosák, Martin, 1967- | |